Rentabilidad potencial de la investigación ganadera (Registro nro. 24764)

Detalles MARC
000 -LEADER
fixed length control field 00370 a2200121 4500
001 - CONTROL NUMBER
control field ART_10473
005 - DATE AND TIME OF LATEST TRANSACTION
control field 20260410161848.0
008 - FIXED-LENGTH DATA ELEMENTS--GENERAL INFORMATION
fixed length control field 260409a
100 1# - MAIN ENTRY--PERSONAL NAME
Personal name Piñeiro, Martín E.
245 10 - TITLE STATEMENT
Title Rentabilidad potencial de la investigación ganadera
700 1# - ADDED ENTRY--PERSONAL NAME
Personal name Hurtado, Hernán
773 0# - HOST ITEM ENTRY
Title Económica
Related parts - Año XIX, Nº 2 (may./ago. 1973)
Record control number REV7541

No hay ítems disponibles.